عرض عادي
عرض مارك
- Hickey, G. I.
مدخل إسم شخص
001 - رقم الضبط
- حقل الضبط: 40125
003 - معرف رقم الضبط
- حقل الضبط: OSt
005 - تاريخ ووقت أخر عملية
- حقل الضبط: 20131116184109.0
008 - عناصر بيانات ثابتة الطول
- حقل تحكم ثابت الطول: 131116|||a|||||| | ||| d
040 ## - مصدر الفهرسة
- هيئة الفهرسة الأصلية: OSt
- وكالة الكتابة: OSt
100 ## - مدخل -- أسم شخص
- إسم شخص: Hickey, G. I.
- الشكل الكامل للاسم: (G. Ivor).
- عنوان العمل: Genetics.
670 ## - بيانات المصدر موجوده
- الاستشهاد بالمصدر: Work cat.: (OSt)0: Fletcher, H. L. (Hugh L.) 40122, Genetics /, c2013.
